Quiz wiedzy o Euro 2024 - Statystyki

Ogólne statystyki
  • Ten quiz został rozwiązany 1 350 razy
  • Średni wynik to 18 z 39
Statystyki odpowiedzi
Zagadnienie Odpowiedź % Poprawnych
Która reprezentacja wygrała Mistrzostwa Europy 2024? Hiszpania
99%
Który zawodnik otrzymał nagrodę najlepszego młodego zawodnika turnieju? Lamine Yamal
95%
Na jakiej fazie swoje zmagania zakończyli Polacy? Faza grupowa
89%
Kogo w ćwierćfinale wyeliminowała reprezentacja Francji? Portgualię
78%
Który zawodnik otrzymał nagrodę najlepszego piłkarza turnieju? Rodri
77%
Kto zdobył wyrównującą bramkę dla Anglii w meczu 1/8 finału w 95 minucie przeciwko Słowacji? Jude Bellingham
76%
Ile meczów wygrała Hiszpania na Euro 2024? 7
70%
Która reprezentacja jako pierwsza odpadła z Euro 2024? Polska
64%
Która reprezentacja zdobyła najwięcej - 15 bramek? Hiszpania
63%
Która z reprezentacji jako jedyna nie straciła gola w fazie grupowej? Hiszpania
62%
Który piłkarz zdobył bramkę dla reprezentacji Anglii w finale Euro 2024? Cole Palmer
61%
Która z wymienionych reprezentacji zakończyła swoje zmagania w 1/8 finału? Włochy
60%
Który piłkarz zdobył bramkę dla reprezentacji Hiszpanii w finale Euro 2024? Mikel Oyarzabal
59%
Która bramkarz zaliczył najwięcej - 29 obronionych strzałów? Giori Mamardashvili
55%
Który z wymienionych napastników reprezentacji Polski nie zdobył bramki na Euro 2024? Karol Świderski
55%
Co wydarzyło się w ostatniej akcji meczu Austria vs Turcja? fenomenalna obrona bramkarza
51%
Która reprezentacji zaliczyła najwięcej - 29 obronionych strzałów? Gruzja
51%
Który z wymienionych zawodników zanotował 3 bramki i 1 asystę na turnieju? Georges Mikautadze
47%
Ile było serii rzutów karnych na Euro 2024? 3
44%
Która reprezentacja jako jedyna oddała powyżej 100 strzałów na bramkę przeciwnika? Hiszpania
43%
Ile bramek anulowano Romelu Lukaku po interwencjach VAR? 3
40%
Kto został najlepszym strzelcem Euro 2024 z dorobkiem 3 bramek i 2 asyst? Dani Olmo
40%
Ile bramek na Euro zdobył Kylian Mbappe? 1
34%
Która reprezentacja jako jedyna otrzymała 2 czerwone kartki na turnieju? Czechy
34%
Kto sędziował finałowy mecz pomiędzy Hiszpanią i Anglią? François Letexier
34%
Ile bramek w fazie grupowej strzeliła Anglia? 2
33%
Który zawodnik nie zdobył bramki na Mistrzostwach Europy 2024? Gianluca Scamacca
32%
Która reprezentacja strzeliła najmniej - 1 bramkę? Serbia
32%
Euro 2024 będzie kojarzone z bramkami samobójczymi. Ile bramek samobójczych miało miejsce na turnieju? 10
28%
W którym przedziale czasowym padło najwięcej - 23 bramki? 16-30
27%
Która reprezentacja jako jedyna nie została złapana na spalonym w fazie grupowej? Chorwacja
23%
Która reprezentacja zanotowała najwięcej - 20 żółtych kartek? Turcja
20%
Która reprezentacja wykonała najwięcej podań na Euro 2024? Anglia
17%
Który zawodnik wykonał najwięcej strzałów na Euro 2024? Kylian Mbappe
16%
Ile meczów zremisowała Słowenia w regulaminowym czasie gry? 4
14%
Która reprezentacja miała największe procentowe posiadanie piłki wynoszące 64,8%? Portugalia
10%
Która reprezentacja wykonała zaledwie 5 rzutów rożnych? Chorwacja
7%
Który zawodnik został złapany aż 8 razy na spalonym? Cristiano Ronaldo
6%
Który zawodnik wykonał najwięcej podań na Euro 2024? John Stones
5%
Nie znaleziono quizów pasujących do podanych kryteriów
Rozkład punktacji
Procent ludzi z każdym wynikiem
Percentyl według liczby udzielonych odpowiedzi
Twoja historia wyników
Nie rozwiązałeś tego quizu